000 01216cam a2200325 i 4500
999 _c22289
_d22289
001 2232120
003 OSt
005 20200320144832.0
008 760811s1973 ii 001 0beng
020 _c8171511538
040 _coclc
041 1 _aengurk
043 _aa-su---
082 0 0 _a355.0330538
_bHAM/B
100 _aHamidullah, Muhammad
_91985
240 1 0 _aʻAhd-i nabavī ke maidān-i jang.
_lEnglish
245 1 4 _aThe battlefields of the Prophet Muhammad, with maps, illustrations and sketches :
_ba contribution to Muslim military history /
_c Muhammad Habibullah.
250 _aNew rev. ed.
260 _aNew Delhi:
_bKitab Bhavan
_c1992.
300 _a158p
490 1 _aSeries - Centre cultural [sic] islamique ;
_vno. 3
500 _aTranslation of ʻAhd-i nabavī ke maidān-i jang.
500 _aErrata slip inserted.
500 _aIncludes index.
600 0 0 _aMuḥammad,
_cProphet,
_d-632
_xMilitary leadership.
651 0 _aSaudi Arabia
_xHistorical geography.
830 0 _aSeries (Centre culturel islamique (Paris, France)) ;
_vno. 3.
906 _a7
_bcbc
_corignew
_du
_encip
_f19
_gy-gencatlg
942 _2ddc
_cBK
_h355.0330538
_iHAM/B
_k355.0330538
_mHAM/B